Trends & Issues in Crime and Criminal Justice

Bibliographic Details
Format: Journal
Language:English
Published: Canberra : Australian Institute of Criminology, 1986-
Subjects:
Online Access:http://www.vlex.com/source/7254

MARC

LEADER 00000nas a22000007a 4500
005 20130322140803.0
007 cr|||| ||||
008 130322c19869999at mr|p s|||| 0|||a1eng d
022 |a 8178542  
035 |a 7254 
040 |a vLex 
090 |c 3999  |d 3999 
245 0 0 |a Trends & Issues in Crime and Criminal Justice  |h [Recurso electrn̤ico]  
256 |a Servicio en ln̕ea 
260 |a Canberra :  |b Australian Institute of Criminology,   |c 1986- 
300 |a 1 Recurso electrn̤ico 
506 |d vLex Global  |d vLex Global (Academic Edition, excluding Law Schools)  |d vLex Global (U.S. Academic Edition, Law Schools)  |d vLex Global (U.S. Academic Edition, excluding Law Schools)  |d vLex Global (Academic Edition, Law Schools) 
650 0 4 |a Criminologa̕  |v Revistas  |z Australia 
740 |a vLex Revistas (Servicio en ln̕ea) 
856 |a Acceso restringido  |u http://www.vlex.com/source/7254 
942 |c REV 
999 0 |a Criminology